| 000 | 00951nam0a22002411 4500 | ||
|---|---|---|---|
| 001 | rc\2764062 | ||
| 005 | 20250529153404.0 | ||
| 035 | _a(NLR Aleph) 006890582 | ||
| 090 |
_a7142479 _c7142479 |
||
| 100 | _a20110915d1940 |||y0rusy50 ca | ||
| 101 | 0 | _arus | |
| 102 | _aRU | ||
| 105 | _ac z ||||b | ||
| 200 | 1 |
_aПетр Ильич Чайковский. 1840-1940 _eК 100-летию со дня рождения _e[Биогр. памятка] _fСоставитель: Г. Рогинская _gОбл. дом нар. творчества. Воронеж. союз сов. композиторов |
|
| 210 |
_aВоронеж _cБ. и. _d1940 |
||
| 215 |
_a18 с. _cпортр. _d14 см. |
||
| 300 | _aНа обороте тит. л. указан составитель: Г. Рогинская | ||
| 702 | 1 |
_aРогинская _bГ. _4220 |
|
| 801 | 0 |
_aRU _bNLR _gpsbo |
|
| 801 | 1 |
_aRU _bELAR _2rusmarc |
|
| 852 |
_aNLR _j40-8/638 |
||
| 942 | _cBOOK | ||
| 980 | _aNB | ||